000
00319 a2200109 4500
001
ART_12819
005
20260410161909.0
008
260409a
245
1
0
_a
El nuevo ABC o Time Driving ABC
100
1
_a
Smolje, Alejandro R.
773
0
_t
Costos y gestión
_g
- Año 14, Nº 54 (dic. 2004)
_w
REV12786
999
_c
26662
_d
26662